Statistiken für Welthauptstädte, die Taipeh am nächsten liegen

Klicken Sie hier um das Quiz zu spielen!

Allgemein

  • Dieses Quiz wurde 39 mal gespielt
  • Das Durchschnittsergebnis liegt bei 13 aus 20

Antwortstatistiken

kmHauptstadt% Korrekt
1667Hanoi
97%
1722Peking
97%
1491Seoul
94%
3829Jakarta
91%
2105Tokio
89%
2543Bangkok
86%
1160Manila
86%
1601Pjöngjang
77%
3250Singapur
71%
3237Kuala Lumpur
69%
2849Ulaanbaatar
60%
2308Vientiane
57%
3611Kathmandu
54%
3155Dhaka
51%
3760Dili
46%
2348Bandar Seri
Begawan
43%
3188Thimphu
43%
2310Phnom Penh
40%
2676Naypyidaw
34%
2395Ngerulmud
23%

Verteilung der Resultate

Perzentil nach korrekt beantworteten Fragen

Anzahl Personen mit jedem Resultat

Ihre Resultats-Entwicklung

Sie haben dieses Quiz noch nicht gespielt